000 00664nam a22001817a 4500
005 20251108175104.0
008 250721s2011 xx 000 0 ara d
082 1 4 _a748/مرز
100 1 _aمرزوق، إبراهيم
_eمعد
245 1 0 _aموسوعة الرسم و الزخرفة على : الزجاج و السيراميك 114 نموذجاً عملياً منفذاً /
264 1 _aالقاهرة :
_bمكتبة ابن سينا للنشر و التوزيع والتصدير،
_c2011.
300 _a304 ص.مص.
650 1 7 _aالفنون الزجاجية
650 1 7 _aالزخرفة
650 1 7 _aالرسم
942 _2ddc
_cBK
999 _c125881
_d125881